|
|
|
|
| LEADER |
00941nam a2200253 a 4500 |
| 001 |
12573568 |
| 008 |
120315s2002 inua 001 0 eng d |
| 010 |
|
|
|a 2001097507
|
| 020 |
|
|
|a 0672323664
|
| 040 |
|
|
|a DLC
|c DLC
|d DLC
|d BD-DhAAL
|
| 082 |
0 |
0 |
|a 005.2/762
|2 21
|
| 245 |
0 |
0 |
|a JXTA :
|b Java P2P programming /
|c Daniel Brookshier ... [et al.].
|
| 250 |
|
|
|a 1st ed.
|
| 260 |
|
|
|a Indianapolis, Ind. :
|b Sams,
|c c2002.
|
| 300 |
|
|
|a xi, 413 p. :
|b ill. ;
|c 24 cm.
|
| 500 |
|
|
|a Includes index.
|
| 650 |
|
0 |
|a Java (Computer program language)
|
| 650 |
|
0 |
|a Peer-to-peer architecture (Computer networks)
|
| 650 |
|
0 |
|a JXTA (Computer network protocol)
|
| 541 |
1 |
|
|e 00024595
|
| 700 |
1 |
|
|a Brookshier, Dan,
|d 1960-
|
| 852 |
1 |
|
|a Ayesha Abed Library
|j General shelf
|
| 999 |
|
|
|c 11977
|d 11977
|
| 952 |
|
|
|0 0
|1 0
|4 0
|6 005_276200000000000_JXT
|7 0
|9 19688
|a BRACUL
|b BRACUL
|c GEN
|d 2012-03-14
|e Trim Education
|g 3895.00
|l 0
|o 005.2762 JXT
|p 3010024595
|r 2012-03-15
|t 1
|w 2012-03-15
|y BK
|